Vyššia forma vzájomnej spolupráce V Nitre otvorili spoločné československo-sovietske laboratórium biotechnológii

Bibliographic Details
Main Author: (gal+č) (Author)
Format: Article
Language:Slovak
Subjects:

MARC

LEADER 00000nab a2200000 a 4500
001 vtls000266152
003 SK-MaSNL
005 20260302214300.0
008 220422c1987 xo 0 slo
015 |a SNBRB19rr/mm-uuuuu 
035 |a CL0276266 
040 |a SNKBUCL  |b slo  |c SNKBUCL  |e AACR2 
041 0 |a slo 
044 |a xo  |c SK 
080 |a 636.082:579.64:061.62  |2 1981 
080 |a 579.64  |2 1981 
080 |a 061.62  |2 1981 
100 1 |a (gal+č)  |4 aut  |9 941360 
245 1 0 |a Vyššia forma vzájomnej spolupráce  |b V Nitre otvorili spoločné československo-sovietske laboratórium biotechnológii  |c (gal+č) 
650 0 7 |a Výskumný ústav živočíšnej výroby (Nitra, Slovensko)  |2 snkbucl  |9 901893 
651 7 |a 5206  |2 snkbucl  |9 283253 
655 7 |a články z novín a časopisov  |2 snkbucl  |9 267496 
773 0 |t Roľnícke noviny  |g Roč. 42, č. 15 (20. 1. 1987), s. 1-2 
850 |a Slovenská národná knižnica v Martine  |a MTA001 
852 |a SNK  |b KIS3GCP 
958 |a RK 
958 |a ME 
992 |a RBX 
999 |c 1497203  |d 1499133